000 01246nam a2200253Ia 4500
003 OSt
005 20210503112654.0
008 210310s1997 ck gr 000 0dspa d
040 _aCO-JMCR
_cCO-JMCR
041 0 _aspa
082 0 4 _a334 /
_bH493e
_223
100 1 _aHenao Hoyos, Barlahan,
_915445
_eautor
245 1 0 _aEconomía solidaria para tiempos de crisis :
_breflexiones sobre la identidad cooperativa /
_cBarlahan Henao Hoyos, Humberto Diez Villa
250 _aPrimera edición
260 _aMedellín :
_b[Fundesarrollo] ;
_c1997
300 _a210 páginas ;
_c23 cm.
500 _aSubtítulo tomado de caratula. Incluye notas a pie de página.
504 _aBibliografía: páginas 207-210
505 0 _aTiempos nublados -- Economía y desarrollo -- Hacia una política social inspirada en la solidaridad -- Participación, solidaridad y política -- América Latina: un cambio de modelo aplazado -- Economía y oportunidad -- La actividad financiera del cooperativismo -- La ley cooperativa -- La identidad también hay que construirla -- Hacía el futuro
650 1 4 _aCooperativismo
_915447
_zColombia
650 2 4 _aPolítica social
_xSolidaridad
_937351
700 1 _aDiez Villa, Humberto,
_eautor
_915445
942 _2ddc
_cBK
999 _c7783
_d7783